<?xml version="1.0" encoding="UTF-8"?>
<record
    xmlns:xsi="http://www.w3.org/2001/XMLSchema-instance"
    xsi:schemaLocation="http://www.loc.gov/MARC21/slim http://www.loc.gov/standards/marcxml/schema/MARC21slim.xsd"
    xmlns="http://www.loc.gov/MARC21/slim">

  <leader>00943nam a2200229 a 4500</leader>
  <controlfield tag="001">BRCA_907</controlfield>
  <controlfield tag="005">20190320203212.0</controlfield>
  <controlfield tag="008">070810s2006    mx-a---##c---#000-0dspa-#</controlfield>
  <datafield tag="040" ind1=" " ind2=" ">
    <subfield code="a">DLC</subfield>
    <subfield code="c">DLC</subfield>
  </datafield>
  <datafield tag="041" ind1=" " ind2=" ">
    <subfield code="a">spa</subfield>
  </datafield>
  <datafield tag="041" ind1=" " ind2=" ">
    <subfield code="a">ita</subfield>
  </datafield>
  <datafield tag="050" ind1=" " ind2="4">
    <subfield code="a">NK7152</subfield>
    <subfield code="b">.A78 2006</subfield>
  </datafield>
  <datafield tag="245" ind1="1" ind2="0">
    <subfield code="a">Del arte decorativo al dise&#xF1;o</subfield>
    <subfield code="b">plata italiana del siglo XX = Dall&#xB4; Arte Decorativa al Decorativa al Design : Argenti Italiani del Secolo XX</subfield>
    <subfield code="c">curadur&#xED;a de Giorgio Forni.</subfield>
  </datafield>
  <datafield tag="260" ind1=" " ind2=" ">
    <subfield code="a">M&#xE9;xico</subfield>
    <subfield code="b">Museo Franz Mayer</subfield>
    <subfield code="c">2006</subfield>
  </datafield>
  <datafield tag="300" ind1=" " ind2=" ">
    <subfield code="a">160 p.</subfield>
    <subfield code="b">il. (algunas a color)</subfield>
    <subfield code="c">27 cm.</subfield>
  </datafield>
  <datafield tag="500" ind1=" " ind2=" ">
    <subfield code="a">Cat&#xE1;logo de la exposici&#xF3;n realizada en el Museo Franz Mayer (Ciudad de M&#xE9;xico), 21 junio - 27 agosto, 2006</subfield>
  </datafield>
  <datafield tag="546" ind1=" " ind2=" ">
    <subfield code="a">Texto en : espa&#xF1;ol e italiano</subfield>
  </datafield>
  <datafield tag="650" ind1="1" ind2="4">
    <subfield code="a">Plata</subfield>
    <subfield code="v">Exposiciones</subfield>
    <subfield code="x">Historia</subfield>
    <subfield code="y">Siglo XX</subfield>
    <subfield code="z">Italia</subfield>
    <subfield code="9">3009</subfield>
  </datafield>
  <datafield tag="700" ind1="1" ind2=" ">
    <subfield code="a">Forni, Giorgio</subfield>
    <subfield code="9">3010</subfield>
  </datafield>
  <datafield tag="740" ind1="0" ind2=" ">
    <subfield code="a">Dall&#xB4; Arte Decorativa al Decorativa al Design : Argenti Italiani del Secolo XX</subfield>
  </datafield>
  <datafield tag="942" ind1=" " ind2=" ">
    <subfield code="2">lcc</subfield>
    <subfield code="c">B</subfield>
  </datafield>
  <datafield tag="999" ind1=" " ind2=" ">
    <subfield code="c">800</subfield>
    <subfield code="d">800</subfield>
  </datafield>
  <datafield tag="952" ind1=" " ind2=" ">
    <subfield code="0">0</subfield>
    <subfield code="1">0</subfield>
    <subfield code="4">0</subfield>
    <subfield code="7">0</subfield>
    <subfield code="a">BRCA</subfield>
    <subfield code="b">BRCA</subfield>
    <subfield code="d">2008-06-26</subfield>
    <subfield code="l">0</subfield>
    <subfield code="o">NK7152 .A78 2006</subfield>
    <subfield code="p">01380</subfield>
    <subfield code="r">2019-03-22 00:00:00</subfield>
    <subfield code="w">2019-03-22</subfield>
    <subfield code="y">B</subfield>
  </datafield>
</record>
